| 000 | 00429cam a2200157ua 4500 | ||
|---|---|---|---|
| 041 |
_aeng _h |
||
| 082 |
_a826 _bABB/LE |
||
| 100 | _aAbbott, Claude Coller . | ||
| 245 |
_aLetters of Gerald manley hopkins to Robert bridges / _cClaude coller Abbott. _hTextual Documents |
||
| 250 |
_a1 / _b. |
||
| 260 |
_aLondon : _bOxford University Press , _c1955. |
||
| 300 | _a324 ; . | ||
| 504 | _a | ||
| 942 | _cBK | ||
| 999 |
_c11841 _d11841 |
||